Statystyki dla Piłkarska kariera Juninho Pernambucano.

Kliknij tutaj aby rozwiązać quiz!

Ogólne statystyki

  • Ten quiz został rozwiązany 14 razy
  • Średni wynik to 3 z 7

Statystyki odpowiedzi

LataDrużyna% Poprawnych
2000-2009Olympique Lyon
100%
1995-2000Vasco da Gama
54%
2011-2013Vasco da Gama
54%
2013-2014Vasco da Gama
54%
2009-2011Al-Gharafa
31%
2013-2013New York Red Bulls
31%
1993-1995Recife
15%

Rozkład punktacji

Percentyl według liczby udzielonych odpowiedzi

Procent ludzi z każdym wynikiem

Twoja historia wyników

Nie rozwiązałeś tego quizu